000 00276nam a22001217a 4500
020 _a0-333-39164-0
082 _a621.3822 LYN
100 _aLYNN,PAUL A
_953487
245 _aELECTRONIC SIGNALS & SYSTEMS
260 _aLONDON
_bMACMILLAN
_c1986
300 _a332P
942 _cBK
999 _c573836
_d573836